| 000 | 00451nam a2200181Ia 4500 | ||
|---|---|---|---|
| 003 | GCL | ||
| 008 | 140319s9999 xx 000 0 eng d | ||
| 040 |
_aGCL / _cGCL |
||
| 082 | 0 | 4 |
_a821.1 _bD G |
| 100 | 1 | _aDELLON, JAN | |
| 245 | 1 | 0 |
_aGEOFFRY CHAUCER / _cDELLON, JAN |
| 260 |
_a[S.N] : _bMACMILLAN PRESS LTD ، _c1993 |
||
| 300 | _a212 | ||
| 650 | 0 | 4 | _aENGLISH LITERATURE |
| 650 | 0 | 4 | _aLITERATURE |
| 650 | 0 | 4 | _aCHAUCER, GEOFFERY |
| 942 |
_2ddc _cBK |
||
| 999 |
_c10275 _d10275 |
||